00922nam a2200205 a 450000100100000000500170001000800410002702000180006804000250008608200130011110000260012424500700015026000370022030000280025750000690028595201170035495201110047195201170058299900170069900004207720201002035926.0131112s2013 dr a 000 0 spa d a9789945008401 aDO-SdBNPbspacBNPHU axxxbxxx1 aSosa, Diego A.96907110aMigomismo. :bsu inteligencia emocional interna /cDiego A. Sosa. aSanto Domingo, :bBúho,c2013. a168 p. :bil. ;c23 cm. aIncluye datos biografícos del autor en la solapa de la portada 0010718DSaGRbGRcCTd2013-11-12iLF1l0oxxx xxxp42077-30r2020-06-25te. 3w2020-06-25yLFDSZNo se presta 0010718PDaPDbPDcCTd2013-11-12iLF1l0oxxx xxxp42077-10r2020-06-25w2020-06-25yLFPDZNo se presta 0010718PDaPDbPDcCTd2013-11-12iLF1l0oxxx xxxp42077-20r2020-06-25te. 2w2020-06-25yLFPDZNo se presta c41566d41566